MARC

LEADER 00000nam0a2200000 4500
001 274861
005 20231101234753.0
035 |a (RuTPU)RU\TPU\book\298090 
090 |a 274861 
100 |a 20141110d1985 k y0rusy50 ca 
101 1 |a rus  |c eng 
102 |a RU 
105 |a a z 001zy 
200 1 |a Гидротермальная химия цеолитов  |e пер. с англ.  |f Р. Баррер 
210 |a Москва  |c Мир  |d 1985 
215 |a 420 с.  |c ил. 
320 |a Библиогр. в конце гл. 
606 1 |a Цеолиты  |x Минералогия  |2 stltpush  |3 (RuTPU)RU\TPU\subj\72331  |9 85892 
610 1 |a химия 
610 1 |a синтез 
610 1 |a распространение 
610 1 |a классификация 
610 1 |a реакционные смеси 
610 1 |a зародыши 
610 1 |a образование 
610 1 |a кристаллизация 
610 1 |a изоморфные замещения 
675 |a 549.67  |v 3 
700 1 |a Баррер  |b Р. 
801 1 |a RU  |b 63413507  |c 20141110 
801 2 |a RU  |b 63413507  |c 20220808  |g RCR 
942 |c BK